000 00450nam a2200181Ia 4500
005 20240823050155.0
008 240823s9999||||xx |||||||||||||| ||und||
041 _aENGLISH
082 _A658.81 L8
100 _aBooth.W.D
245 0 _aSelling Commercial and Industrial Construction Projects
250 _a1st
260 _c1978
_b"VNR,New York"
500 _aYES
650 _aManagement
_bManagement Studies
942 _cBK
999 _c216643
_d216643